| LEADER 00000nam 2200000uu 4500 |
| 008 120515s2554||||th 000 0 tha d |
| 060 0 วจ W84.3 น276 2554
|
| 100 0 ^aนฤมล ตรีเพชรศรีอุไร.
|
| 245 00 ^aรายงานการวิจัย เรื่อง การพัฒนาเครื่องมือวัดความฉลาดทางสุขภาพเกี่ยวกับโรคอ้วนของนักเรียนระดับมัธยมศึกษาปีที่ 3 (ระยะที่ 1)/^cนฤมล ตรีเพชรศรีอุไร.
|
| 260 ^aนนทบุรี:^bกองสุขศึกษา กรมสนับสนุนบริการสุขภาพ กระทรวงสาธารรสุข,^c2554.
|
| 300 ^a110 หน้า:^bภาพประกอบ.
|
| 650 0 ^aสุขภาพ--^xเครื่องมือวัด.
|
| 650 0 ^aโรคอ้วน.
|
| 650 0 ^aเครื่องมือวัดความฉลาด.
|
| 650 0 ^aวิจัย.
|
| 710 1 ^aกระทรวงสาธารณสุข กรมสนับสนุนบริการสุขภาพ.^bกองสุขศึกษา.
|
| 999 ^aใช้งานได้ทุกระบบ
|